Представление документа в формате MARC21

Поле Инд. ПП Название Значение
Тип записи a
Библиографический уровень b
001 Контрольный номер RU/IS/BASE/253633478
005 Дата корректировки 20220715140343.0
008 Кодируемые данные 20080114
040 b Код языка каталог. rus
e Правила каталог. PSBO
041 0_ a Код языка текста rus
084 a Индекс другой классификации/Индекс ББК 65.291.21; 60.803
100 1_ a Автор Никитин Е. С.
q Полное имя Никитин Егор Сергеевич
245 10 a Заглавие Медиация при внедрении систем всеобщего менеджмента качества (TQM)
504 a Библиография Библиогр. ссылки. - Примеч.
650 a Основная рубрика менеджмент (управление предприятием)
a Основная рубрика социальное управление
a Основная рубрика экономика
a Основная рубрика экономика предприятия
653 a Ключевые слова Всеобщее (TQM)
a Ключевые слова идеология компании
a Ключевые слова конфликты
a Ключевые слова медиация
a Ключевые слова менеджмент качества
a Ключевые слова методы управления
a Ключевые слова разрешение конфликтов
a Ключевые слова управление
a Ключевые слова управление организацией
a Ключевые слова управление качеством
773 0_ t Заглавие источника Вестник Московского университета. Серия 18, Социология и политология
d Дата издания источника 2007
g Прочая информация № 3. - С. 119 - 129 : схем., табл.
w Контрольный № источника RU/IS/BASE/250005829
901 t Тип документа b